| 000 | 00441nam a2200193Ia 4500 | ||
|---|---|---|---|
| 008 | 170918s9999 xx 000 0 und d | ||
| 020 | _a9780545571838 | ||
| 050 | _bL262 2011 | ||
| 100 | _aLandry, Leo | ||
| 245 | _aGrin and bear it / | ||
| 245 | _cLeo Landry. | ||
| 260 | _aNew York : | ||
| 260 | _bScholastic, | ||
| 260 | _c2011 | ||
| 300 | _a48 pages : | ||
| 300 | _bcolored illustration ; | ||
| 300 | _c21cm. | ||
| 500 | _a430 | ||
| 999 |
_c341672 _d341672 |
||